000 01105nam a2200253 a 4500
999 _c12417
_d12417
001 12417
003 BD-JhCC
005 20220213123658.0
008 220213b20192021bg a|||| ||a| 000 0 ben d
035 _a(BD-JhCC)12417
040 _aBD-JhCC
_dBD-JhCC
041 _aBengali
082 _a297.1222
_bPAR 2021
100 _aপারওয়েজ, মুুুুুুুুুুহাম্মদ খালিদ
245 _aসাহাবীদের সাথে ৩৬৫ দিন /
_cমুুুুুুুুুুহাম্মদ খালিদ পারওয়েজ, অনু ও সম্পা: ড. ইকবাল কবীর মোহন,মুহাম্মদ ‍সিরাজুল ইসলাম।
260 _aঢাকা :
_bশিশু কানন;
_c২০২১.
300 _a231 p. :
_bill;
_c26 cm.
650 _aIslamic stories
650 _aChildren stories(islam)
700 _aমোহন, ড. ইকবাল কবীর
700 _aইসলাম,মুহাম্মদ ‍সিরাজুল
942 _2ddc
_cBK